000 00530cam a2200193ua 4500
001 4218
008 111220n ii |||gr||||Z||||||eng
040 _cMAIN
082 _a306.2
100 1 _aSharma, R. N.,
_q(Ram Nath Sharma).
245 1 1 _aPolitical sociology
_cby R. N. Sharma
250 _a1st.
260 _aBombay:
_bMedia promoters &publishers pvt. ltd.,997.
300 _a420p:
_c23cm.
653 _aSociology
653 _aPolitical sociology
700 1 _aSharma, R. K.,
_eAuthor.
_q(Rajendra K. Sharma).
942 _cBK
999 _c4039
_d4039